[Event "DMP - II liga seniorow "]
[Site "Mrzezyno"]
[Date "2011.09.08"]
[Round "6"]
[White "Stoppel, Mariusz"]
[Black "Galyga, Zbigniew"]
[Result "1/2-1/2"]
[WhiteElo "2069"]
[BlackElo "2147"]
[PlyCount "67"]
[EventDate "2011.??.??"]

1. e4 g6 2. d4 Bg7 3. Nc3 d6 4. Be3 a6 5. a4 b6 6. Qd2 Bb7 7. f3 Nd7 8. Nge2 c5
9. d5 Ne5 10. Nc1 h5 11. Be2 Nf6 12. h3 h4 13. f4 Ned7 14. O-O Qc7 15. Bf3
O-O-O 16. N1e2 e6 17. Rfb1 exd5 18. exd5 Rde8 19. Bf2 Kb8 20. b4 Ka8 21. Ra3
cxb4 22. Rxb4 Nc5 23. Qd1 Nfd7 24. Nd4 Bf6 25. Nc6 Bxc3 26. Rxc3 a5 27. Rd4 Nf6
28. Ra3 Nfe4 29. c4 Nxf2 30. Kxf2 Ba6 31. Qb1 Bb7 32. Qd1 Ba6 33. Qb1 Bb7 34.
Qd1 1/2-1/2

[Event "DMP - II liga seniorow "]
[Site "Mrzezyno"]
[Date "2011.09.08"]
[Round "6"]
[White "Bardeli, Lukasz"]
[Black "Meczynski, Waldemar"]
[Result "1-0"]
[WhiteElo "2295"]
[BlackElo "2132"]
[PlyCount "85"]
[EventDate "2011.??.??"]

1. Nf3 Nf6 2. c4 c5 3. Nc3 d5 4. cxd5 Nxd5 5. g3 Nc6 6. Bg2 Nc7 7. O-O e5 8. d3
Be7 9. Nd2 Bd7 10. Nc4 f6 11. f4 b5 12. Ne3 Rc8 13. Bd2 O-O 14. Rc1 Nd4 15.
fxe5 fxe5 16. Ne4 Na8 17. Rxf8+ Bxf8 18. Qf1 Nb6 19. b3 h6 20. h3 Be7 21. Nd1
c4 22. dxc4 bxc4 23. b4 Bc6 24. Ndf2 Ba8 25. e3 Ne6 26. Bc3 Nd5 27. Ng4 Nxc3
28. Rxc3 Qc7 29. Qf5 Nd4 30. exd4 exd4 31. Rf3 Bxe4 32. Qxe4 d3 33. Nxh6+ gxh6
34. Qe6+ Kh8 35. Qxh6+ Kg8 36. Qg6+ Kh8 37. Qh5+ Kg8 38. Qg4+ Kh8 39. Rf5 Qb6+
40. Kh2 Bf8 41. Rh5+ Bh6 42. Qxc8+ Kg7 43. Qd7+ 1-0

[Event "DMP - II liga seniorow "]
[Site "Mrzezyno"]
[Date "2011.09.08"]
[Round "6"]
[White "Sobczak, Miroslaw"]
[Black "Swiatnicki, Andrzej"]
[Result "1/2-1/2"]
[WhiteElo "1962"]
[BlackElo "2104"]
[PlyCount "61"]
[EventDate "2011.??.??"]

1. e4 e5 2. Nf3 Nc6 3. d4 exd4 4. Bc4 Nf6 5. O-O Nxe4 6. Re1 d5 7. Bxd5 Qxd5 8.
Nc3 Qh5 9. Nxe4 Be6 10. Bg5 Bd6 11. Nxd6+ cxd6 12. Bf4 Qd5 13. c3 O-O 14. Nxd4
Nxd4 15. Qxd4 Qxd4 16. cxd4 d5 17. Rac1 Rfc8 18. Kf1 Kf8 19. Rxc8+ Rxc8 20. Rc1
Ke7 21. Ke2 Rxc1 22. Bxc1 Bf5 23. Bg5+ Ke6 24. Bf4 Be4 25. f3 Bb1 26. a3 Ba2
27. Bb8 a6 28. Be5 g6 29. Ke3 Bc4 30. Bc7 Bf1 31. g3 1/2-1/2

[Event "DMP - II liga seniorow "]
[Site "Mrzezyno"]
[Date "2011.09.08"]
[Round "6"]
[White "Golek, Jagoda"]
[Black "Swiatnicka, Malgorzata"]
[Result "1-0"]
[WhiteElo "2066"]
[BlackElo "1822"]
[PlyCount "38"]
[EventDate "2011.??.??"]

1. e4 e5 2. Nf3 Nc6 3. Bb5 Nd4 4. Nxd4 exd4 5. O-O Bc5 6. d3 Ne7 7. Qh5 Bb6 8.
Bc4 O-O 9. Bg5 Qe8 10. f4 Kh8 11. Qf3 Ng6 12. Qh5 f6 13. Bh4 Nxh4 14. Qxh4 c6
15. Nd2 d6 16. f5 Bd7 17. Rf3 d5 18. exd5 cxd5 19. Bxd5 Bc6 1-0

[Event "DMP - II liga seniorow "]
[Site "Mrzezyno"]
[Date "2011.09.08"]
[Round "6"]
[White "Krainski, Aleksander"]
[Black "Plonczak, Dominik"]
[Result "0-1"]
[WhiteElo "2248"]
[BlackElo "2160"]
[PlyCount "67"]
[EventDate "2011.??.??"]

1. Nf3 Nf6 2. g3 d5 3. Bg2 c6 4. O-O Bf5 5. d3 h6 6. b3 e6 7. Bb2 Be7 8. Nbd2
O-O 9. Qe1 Bh7 10. e4 dxe4 11. dxe4 a5 12. a3 Nbd7 13. Qe2 Qc7 14. e5 Nd5 15.
Ne4 b5 16. c4 bxc4 17. bxc4 N5b6 18. Nd6 Na4 19. Bd4 Rab8 20. Ra2 Rb3 21. Rc1
Rfb8 22. Nd2 Rd3 23. Ba1 Ndc5 24. Be4 Nxe4 25. N2xe4 Rbb3 26. Rd2 Bxe4 27. Nxe4
Rxd2 28. Qxd2 Nc5 29. Nd6 Rd3 30. Qf4 Bg5 31. Qg4 Bxc1 32. Ne8 f5 33. exf6 Qf7
34. fxg7 0-1

[Event "DMP - II liga seniorow "]
[Site "Mrzezyno"]
[Date "2011.09.08"]
[Round "6"]
[White "Bartkowiak, Damian"]
[Black "Robak, Zbigniew"]
[Result "1/2-1/2"]
[WhiteElo "2119"]
[BlackElo "2245"]
[PlyCount "61"]
[EventDate "2011.??.??"]

1. d4 d5 2. Nf3 e6 3. c4 c6 4. Qc2 Nf6 5. Nbd2 Nbd7 6. g3 Be7 7. Bg2 O-O 8. O-O
b6 9. Rd1 Bb7 10. e4 Rc8 11. e5 Ne8 12. b3 Nc7 13. Bb2 Qe8 14. Rac1 c5 15. h3
cxd4 16. Nxd4 Nxe5 17. Nxe6 fxe6 18. Bxe5 Ba3 19. Rb1 Bc5 20. Rf1 Rf5 21. Qb2
Qf8 22. Bd4 Ba3 23. Qa1 Ba6 24. Rfd1 Bb4 25. g4 Rf7 26. Rbc1 Rd8 27. Nf1 dxc4
28. bxc4 Ne8 29. Kh1 Rxd4 30. Qxd4 Bc8 31. Qd8 1/2-1/2

[Event "DMP - II liga seniorow "]
[Site "Mrzezyno"]
[Date "2011.09.08"]
[Round "6"]
[White "Huchwajda, Katarzyna"]
[Black "Weglarz, Joanna"]
[Result "0-1"]
[WhiteElo "1854"]
[BlackElo "1992"]
[PlyCount "82"]
[EventDate "2011.??.??"]

1. e4 c5 2. Nf3 d6 3. d4 cxd4 4. Nxd4 Nf6 5. Nc3 e5 6. Nb3 Nc6 7. a3 Be6 8. Nd2
d5 9. exd5 Nxd5 10. Nxd5 Qxd5 11. Qf3 Nd4 12. Qxd5 Bxd5 13. Kd1 O-O-O 14. f3 f5
15. c4 Bc6 16. Ra2 Nxf3 17. b4 Be7 18. Kc2 Nxd2 19. Bxd2 Be4+ 20. Kc1 Rd7 21.
h4 Rhd8 22. Rh2 f4 23. Be2 Bf5 24. Rh1 g6 25. Be1 h6 26. Bf2 Kb8 27. g3 g5 28.
c5 g4 29. Rg1 h5 30. Re1 Bd3 31. Bd1 Bf6 32. Bb3 f3 33. Be3 e4 34. Bf4+ Ka8 35.
Bd6 Bd4 36. Be6 Rxd6 37. cxd6 Rxd6 38. Bf5 Rc6+ 39. Kd2 Bc3+ 40. Kd1 Bxe1 41.
Kxe1 e3 0-1

[Event "DMP - II liga seniorow "]
[Site "Mrzezyno"]
[Date "2011.09.08"]
[Round "6"]
[White "Pazderski, Ziemowit"]
[Black "Siekaniec, Jan"]
[Result "1-0"]
[WhiteElo "2231"]
[BlackElo "2160"]
[PlyCount "65"]
[EventDate "2011.??.??"]

1. d4 Nf6 2. c4 g6 3. Nc3 Bg7 4. e4 d6 5. f3 O-O 6. Be3 Nc6 7. Nge2 a6 8. Qd2
Rb8 9. Rd1 b5 10. cxb5 axb5 11. d5 Ne5 12. Nd4 b4 13. Ncb5 Bd7 14. Rc1 Ra8 15.
b3 Ne8 16. Be2 e6 17. O-O exd5 18. exd5 Qb8 19. Rc2 Qb7 20. Bc4 c5 21. dxc6
Nxc6 22. Bd5 Ra6 23. Rfc1 Nf6 24. Bxc6 Bxc6 25. Rxc6 Rxc6 26. Rxc6 Nd5 27. Bf2
Nc3 28. Nxc3 Bxd4 29. Nd5 Bc3 30. Qd3 Qa8 31. a4 bxa3 32. Qxc3 a2 33. Ne7# 1-0

[Event "DMP - II liga seniorow "]
[Site "Mrzezyno"]
[Date "2011.09.08"]
[Round "6"]
[White "Zeberski, Jakub"]
[Black "Pacuszka, Tomasz"]
[Result "1/2-1/2"]
[WhiteElo "2374"]
[BlackElo "2289"]
[PlyCount "48"]
[EventDate "2011.??.??"]

1. e4 e5 2. Nf3 Nc6 3. Bb5 a6 4. Ba4 Nf6 5. O-O Be7 6. Re1 b5 7. Bb3 d6 8. c3
O-O 9. h3 Na5 10. Bc2 c5 11. d4 Nd7 12. Nbd2 exd4 13. cxd4 Nc6 14. d5 Nce5 15.
Nxe5 Nxe5 16. f4 Ng6 17. Nf3 Bh4 18. Nxh4 Qxh4 19. Rf1 Bxh3 20. gxh3 Qg3+ 21.
Kh1 Qxh3+ 22. Kg1 Qg3+ 23. Kh1 Qh3+ 24. Kg1 Qg3+ 1/2-1/2

[Event "DMP - II liga seniorow "]
[Site "Mrzezyno"]
[Date "2011.09.08"]
[Round "6"]
[White "Kukula, Pawel"]
[Black "Galazewski, Tomasz"]
[Result "1-0"]
[WhiteElo "2240"]
[BlackElo "2255"]
[PlyCount "81"]
[EventDate "2011.??.??"]

1. d4 Nf6 2. c4 g6 3. Nc3 Bg7 4. e4 d6 5. Bd3 O-O 6. Nge2 Nbd7 7. O-O a6 8. Ng3
h5 9. h3 c5 10. d5 b5 11. f4 h4 12. Nge2 Nh5 13. e5 b4 14. Ne4 dxe5 15. f5 Ndf6
16. Nxf6+ exf6 17. fxg6 f5 18. Bxf5 Bxf5 19. Rxf5 fxg6 20. Rxf8+ Bxf8 21. Be3
Bd6 22. Qd3 Qf6 23. Rf1 Nf4 24. Bxf4 exf4 25. Qe4 Rf8 26. Kh1 Kg7 27. Qc2 Qe5
28. Ng1 Re8 29. Nf3 Qe2 30. Qc1 Re3 31. b3 Rc3 32. Qa1 Kg8 33. Nxh4 Rg3 34. Re1
Qf2 35. Re8+ Kf7 36. Qe1 Qxe1+ 37. Rxe1 Re3 38. Nf3 Rxe1+ 39. Nxe1 Kf6 40. Nf3
Kf5 41. Kg1 1-0

[Event "DMP - II liga seniorow "]
[Site "Mrzezyno"]
[Date "2011.09.08"]
[Round "6"]
[White "Filipek, Halina"]
[Black "Starczewska, Dominika"]
[Result "1-0"]
[WhiteElo "1729"]
[BlackElo "1910"]
[PlyCount "79"]
[EventDate "2011.??.??"]

1. d4 f5 2. Nf3 g6 3. Bf4 Nf6 4. e3 Bg7 5. h3 O-O 6. Be2 d6 7. O-O Qe8 8. c3 e6
9. Nbd2 Nbd7 10. Qb3 Kh8 11. Bh2 h6 12. Qc2 d5 13. Bxc7 g5 14. Ne5 Nxe5 15.
Bxe5 Qf7 16. c4 Bd7 17. c5 Rg8 18. b4 Nh5 19. Qd1 Nf6 20. a4 g4 21. h4 Nh5 22.
Bxg7+ Qxg7 23. g3 e5 24. dxe5 Qxe5 25. Kh2 Qc7 26. Nb3 Be6 27. Qd4+ Rg7 28. Nc1
Re8 29. Nd3 Kh7 30. Nf4 Nf6 31. Bd3 Kg8 32. Rfc1 Rc8 33. Rc2 Rf7 34. Rac1 Qd8
35. b5 Rcc7 36. c6 b6 37. Ra1 Kh7 38. a5 bxa5 39. Rxa5 Kg8 40. Rca2 1-0

[Event "DMP - II liga seniorow "]
[Site "Mrzezyno"]
[Date "2011.09.08"]
[Round "6"]
[White "Fudalej, Michal"]
[Black "Bielinski, Dariusz"]
[Result "1/2-1/2"]
[WhiteElo "2253"]
[BlackElo "2211"]
[PlyCount "63"]
[EventDate "2011.??.??"]

1. Nf3 c5 2. c4 Nc6 3. Nc3 g6 4. g3 Bg7 5. Bg2 d6 6. O-O Bd7 7. b3 Qc8 8. Re1
Bh3 9. Bh1 h5 10. Rb1 h4 11. Nd5 hxg3 12. hxg3 Nf6 13. Ng5 Nxd5 14. cxd5 Ne5
15. Bb2 Bf6 16. Nxh3 Qxh3 17. Bg2 Qg4 18. d4 cxd4 19. Bxd4 O-O 20. Rc1 Rfc8 21.
Qd2 b6 22. Bxe5 Bxe5 23. Qd3 Rc5 24. Rxc5 bxc5 25. Rc1 Kg7 26. Rc4 Qd7 27. Ra4
Rb8 28. Qa6 Rb7 29. e3 Bc3 30. Qc4 Be5 31. Bf1 Rb6 32. Qd3 1/2-1/2

[Event "DMP - II liga seniorow "]
[Site "Mrzezyno"]
[Date "2011.09.08"]
[Round "6"]
[White "Jecek, Miroslaw"]
[Black "Urbanski, Grzegorz"]
[Result "0-1"]
[WhiteElo "1947"]
[BlackElo "2177"]
[PlyCount "70"]
[EventDate "2011.??.??"]

1. e4 c5 2. Nf3 Nc6 3. c3 g6 4. d4 cxd4 5. cxd4 Bg7 6. Nc3 d6 7. h3 a6 8. Be3
Nf6 9. d5 Nb8 10. Nd4 O-O 11. Be2 Nbd7 12. O-O Nc5 13. Qc2 a5 14. a4 Bd7 15. f3
Nh5 16. Rfd1 Be5 17. Ra3 Rc8 18. Qd2 Ng3 19. Bb5 f5 20. exf5 Bxf5 21. Nce2
Nxe2+ 22. Qxe2 Bd7 23. Bxd7 Qxd7 24. Nb5 Bf6 25. Bd4 Rfe8 26. g4 Kf7 27. Nc3 e5
28. dxe6+ Rxe6 29. Qd2 Bxd4+ 30. Qxd4 Qe7 31. Qd5 Qh4 32. Kg2 Ke7 33. Raa1 Nd7
34. Rd2 h5 35. Re1 Qxe1 0-1

[Event "DMP - II liga seniorow "]
[Site "Mrzezyno"]
[Date "2011.09.08"]
[Round "6"]
[White "Kielek, Andrzej"]
[Black "Fudalej, Grzegorz"]
[Result "0-1"]
[WhiteElo "2006"]
[BlackElo "2147"]
[PlyCount "100"]
[EventDate "2011.??.??"]

1. e4 c6 2. d4 d5 3. exd5 cxd5 4. c3 Qc7 5. Bd3 Nc6 6. f4 Nf6 7. Nf3 Bg4 8. O-O
e6 9. Qa4 Bxf3 10. Rxf3 Bd6 11. Na3 O-O 12. Nb5 Qd7 13. Nxd6 Qxd6 14. Qc2 Rac8
15. Qf2 Ne4 16. Qh4 f5 17. Rh3 Nf6 18. Bd2 Ne7 19. Re1 Ng6 20. Qg5 Ne4 21. Bxe4
dxe4 22. Qh5 Kf7 23. Rg3 Rh8 24. h4 Qe7 25. d5 Qxh4 26. dxe6+ Kf6 27. Qxh4+
Nxh4 28. Be3 Ng6 29. Bd4+ Kxe6 30. Bxg7 Rhg8 31. Bh6 Rcd8 32. Kf2 Rd6 33. Bg5
Rg7 34. Rge3 Rgd7 35. R1e2 Rd3 36. Rxd3 Rxd3 37. Re3 Rd1 38. Re2 Ne7 39. g4 Nd5
40. c4 Nb4 41. gxf5+ Kxf5 42. a3 Nd3+ 43. Ke3 Nxf4 44. Bxf4 Rd3+ 45. Kf2 Kxf4
46. c5 e3+ 47. Ke1 Rd2 48. b4 Ke4 49. b5 Rxe2+ 50. Kxe2 Kd5 0-1

[Event "DMP - II liga seniorow "]
[Site "Mrzezyno"]
[Date "2011.09.08"]
[Round "6"]
[White "Rzepka, Krzysztof"]
[Black "Szylko, Waldemar"]
[Result "1-0"]
[WhiteElo "2179"]
[BlackElo "2060"]
[PlyCount "67"]
[EventDate "2011.??.??"]

1. d4 c6 2. Nf3 d5 3. c4 e6 4. e3 f5 5. Nbd2 Nf6 6. Bd3 Bd6 7. b3 O-O 8. Bb2
Qe8 9. Ne5 Nfd7 10. Qe2 Nxe5 11. dxe5 Bc7 12. f4 b6 13. g4 Bb7 14. gxf5 exf5
15. Rg1 Na6 16. cxd5 Nc5 17. d6 Bd8 18. Bc4+ Ne6 19. Bxe6+ Qxe6 20. Qc4 Bh4+
21. Ke2 Bc8 22. Nf3 Qxc4+ 23. bxc4 Bd8 24. e6 Bf6 25. Bxf6 Rxf6 26. d7 Bxd7 27.
exd7 a6 28. a4 g6 29. Rgd1 Rd8 30. Rab1 c5 31. Rb2 h6 32. h4 Re6 33. Rbd2 Re4
34. Ne5 1-0

[Event "DMP - II liga seniorow "]
[Site "Mrzezyno"]
[Date "2011.09.08"]
[Round "6"]
[White "Dziopa, Malgorzata"]
[Black "Halamus, Agata"]
[Result "0-1"]
[WhiteElo "1816"]
[BlackElo "2089"]
[PlyCount "84"]
[EventDate "2011.??.??"]

1. d4 Nf6 2. Nf3 g6 3. c4 Bg7 4. Nc3 d5 5. cxd5 Nxd5 6. e4 Nxc3 7. bxc3 c5 8.
h3 O-O 9. Be2 Nc6 10. Be3 Qa5 11. Bd2 Rd8 12. Qc1 Qc7 13. d5 Ne5 14. Rb1 Nxf3+
15. Bxf3 c4 16. O-O a6 17. Be3 b5 18. a4 Rb8 19. axb5 axb5 20. Rd1 f5 21. Bd4
Bxd4 22. Rxd4 fxe4 23. Bxe4 Qd6 24. Qg5 Rf8 25. f3 Bd7 26. Qc1 Ra8 27. Ra1 Qg3
28. Kf1 Qd6 29. Rd1 b4 30. cxb4 Qxb4 31. Rb1 Qc5 32. d6 Ra2 33. Rd2 Rxd2 34.
Qxd2 c3 35. Qa2+ e6 36. Qb3 Qd4 37. Qc2 Rc8 38. Rb7 Qxd6 39. Ra7 Bb5+ 40. Ke1
Qg3+ 41. Qf2 Qxf2+ 42. Kxf2 c2 0-1

[Event "DMP - II liga seniorow "]
[Site "Mrzezyno"]
[Date "2011.09.08"]
[Round "6"]
[White "Sendera, Jaroslaw"]
[Black "Szymanski, Piotr"]
[Result "1-0"]
[WhiteElo "2318"]
[BlackElo "2217"]
[PlyCount "66"]
[EventDate "2011.??.??"]

1. e4 g6 2. d4 Bg7 3. Nc3 d6 4. f4 a6 5. Nf3 b5 6. Bd3 Bb7 7. O-O e6 8. f5 exf5
9. exf5 Nf6 10. fxg6 hxg6 11. Bg5 Nbd7 12. Qd2 c5 13. Rae1+ Kf8 14. Be4 Qb6 15.
Bxb7 Qxb7 16. dxc5 dxc5 17. Ne5 Nxe5 18. Bxf6 Bxf6 19. Rxf6 Kg7 20. Qd6 Nc4 21.
Rxg6+ fxg6 22. Re7+ Qxe7 23. Qxe7+ Kh6 24. Qh4+ Kg7 25. Qe7+ Kh6 26. Nd5 Rhf8
27. Nf6 Rad8 28. h4 Rxf6 29. Qxf6 Re8 30. Qxa6 Ne3 31. Qxb5 Re5 32. Qb8 Re7 33.
Qf8+ Rg7 1-0

[Event "DMP - II liga seniorow "]
[Site "Mrzezyno"]
[Date "2011.09.08"]
[Round "6"]
[White "Plichta, Kamil"]
[Black "Wajda, Mariusz"]
[Result "1-0"]
[WhiteElo "2177"]
[BlackElo "1893"]
[PlyCount "71"]
[EventDate "2011.??.??"]

1. d4 Nf6 2. c4 e6 3. Nc3 d5 4. cxd5 exd5 5. Bg5 Be7 6. Qc2 c6 7. e3 Be6 8. Bd3
h6 9. Bh4 Nbd7 10. Nge2 Nb6 11. O-O O-O 12. f3 Rc8 13. Rad1 c5 14. Bf2 c4 15.
Bf5 Qd7 16. Bxe6 fxe6 17. Nf4 Bd6 18. Ng6 Rfe8 19. e4 Bb8 20. e5 Nh7 21. f4 Nf8
22. Nh4 a6 23. g4 g5 24. fxg5 hxg5 25. Nf3 Qg7 26. Be3 Nh7 27. Qd2 Ba7 28. Nxg5
Nxg5 29. Bxg5 Nd7 30. Bf6 Qg6 31. Kh1 b5 32. h3 Rb8 33. h4 a5 34. h5 Qf7 35.
Qh6 Qh7 36. Qg5+ 1-0

[Event "DMP - II liga seniorow "]
[Site "Mrzezyno"]
[Date "2011.09.08"]
[Round "6"]
[White "Krzywon, Leszek"]
[Black "Dobrowolski, Marcin"]
[Result "1/2-1/2"]
[WhiteElo "1847"]
[BlackElo "1955"]
[PlyCount "61"]
[EventDate "2011.??.??"]

1. c4 g6 2. g3 Bg7 3. Bg2 d6 4. Nc3 e5 5. d3 f5 6. e3 Nf6 7. Nge2 Nc6 8. Rb1
O-O 9. b4 g5 10. f4 gxf4 11. b5 f3 12. Bxf3 Ne7 13. O-O Ng4 14. Bxg4 fxg4 15.
Rxf8+ Bxf8 16. e4 Be6 17. Be3 Ng6 18. Qd2 Qd7 19. Nd5 Bg7 20. Rf1 c6 21. bxc6
bxc6 22. Nf6+ Bxf6 23. Rxf6 Rf8 24. Rxf8+ Nxf8 25. Bh6 Ng6 26. Nc3 Qb7 27. Qf2
Qf7 28. Qxf7+ Kxf7 29. Be3 a6 30. Kf2 Ne7 31. a3 1/2-1/2

[Event "DMP - II liga seniorow "]
[Site "Mrzezyno"]
[Date "2011.09.08"]
[Round "6"]
[White "Stepien, Marcin"]
[Black "Hanusek, Sebastian"]
[Result "1/2-1/2"]
[WhiteElo "2132"]
[BlackElo "2028"]
[PlyCount "60"]
[EventDate "2011.??.??"]

1. Nc3 e5 2. Nf3 Nc6 3. d4 exd4 4. Nxd4 Nf6 5. Bg5 Bb4 6. Nxc6 bxc6 7. Qd4 Be7
8. e4 Rb8 9. Bc4 d6 10. O-O O-O 11. Rad1 Nd7 12. Bxe7 Qxe7 13. Qxa7 Rb4 14. b3
Ne5 15. Qa3 Rb8 16. Be2 Bd7 17. Qc1 f5 18. f4 Ng6 19. exf5 Bxf5 20. Qd2 Kh8 21.
g3 Qf6 22. Kg2 Ne7 23. h3 Qg6 24. Bd3 Rbe8 25. Kh2 h5 26. Rde1 Bxd3 27. Qxd3
Nf5 28. a4 d5 29. a5 d4 30. Nd1 Re3 1/2-1/2

[Event "DMP - II liga seniorow "]
[Site "Mrzezyno"]
[Date "2011.09.08"]
[Round "6"]
[White "Wesolowski, Edgar"]
[Black "Kubien, Jerzy"]
[Result "1-0"]
[WhiteElo "1960"]
[BlackElo "2237"]
[PlyCount "140"]
[EventDate "2011.??.??"]

1. c4 e5 2. Nc3 d6 3. g3 Nf6 4. Bg2 c6 5. Nf3 Be7 6. d4 Nbd7 7. O-O O-O 8. d5
cxd5 9. Nxd5 Nxd5 10. Qxd5 Nc5 11. b3 Be6 12. Qd1 a5 13. Ba3 Qc7 14. Nd2 Rad8
15. Ne4 Nxe4 16. Bxe4 a4 17. Bd5 axb3 18. axb3 Bf6 19. Bxe6 fxe6 20. e4 Rfe8
21. Qe2 d5 22. cxd5 exd5 23. exd5 Rxd5 24. Rfd1 Qf7 25. Rxd5 Qxd5 26. Qc4 Qxc4
27. bxc4 Ra8 28. Bb2 Rxa1+ 29. Bxa1 Kf7 30. Bc3 e4 31. Bb4 Bd4 32. Kf1 Ke6 33.
Ke2 h5 34. h3 Kf5 35. f3 g6 36. Bd2 exf3+ 37. Kxf3 Bc5 38. Be3 Bxe3 39. Kxe3 g5
40. Kd4 Ke6 41. Ke4 Kd6 42. Kd4 b6 43. Kd3 Kc7 44. Kc3 Kb7 45. Kb3 Kc7 46. Kc3
Kc6 47. Kb4 Kb7 48. Kb5 Kc7 49. c5 bxc5 50. Kxc5 Kd7 51. Kd5 Ke7 52. Ke5 Kf7
53. Kf5 Ke7 54. Kxg5 Ke6 55. Kxh5 Kf5 56. Kh6 Ke4 57. Kg5 Kf3 58. h4 Kxg3 59.
h5 Kf3 60. h6 Kg3 61. h7 Kg2 62. h8=Q Kf2 63. Qf6+ Ke2 64. Qe5+ Kf1 65. Qf4+
Ke2 66. Qg3 Kf1 67. Qf3+ Kg1 68. Qe2 Kh1 69. Kg4 Kg1 70. Kh3 Kh1 1-0

[Event "DMP - II liga seniorow "]
[Site "Mrzezyno"]
[Date "2011.09.08"]
[Round "6"]
[White "Zareba, Radoslaw"]
[Black "Rusinski, Mateusz"]
[Result "1-0"]
[WhiteElo "2039"]
[BlackElo "1904"]
[PlyCount "75"]
[EventDate "2011.??.??"]

1. Nc3 Nf6 2. d4 g6 3. e4 d6 4. f3 Bg7 5. Be3 O-O 6. Qd2 Nbd7 7. O-O-O a5 8. h4
a4 9. a3 c6 10. h5 Nxh5 11. Bh6 Bxh6 12. Qxh6 e5 13. dxe5 Nxe5 14. g4 Nf6 15.
Be2 Re8 16. Nh3 d5 17. Ng5 Qc7 18. Nxh7 Nxh7 19. Qxh7+ Kf8 20. exd5 Qd6 21. Ne4
Nd3+ 22. Kb1 Qe5 23. Bxd3 cxd5 24. Qh8+ Qxh8 25. Rxh8+ Ke7 26. Rxe8+ Kxe8 27.
Nf6+ Kf8 28. Nxd5 Ra5 29. c4 Be6 30. Nf4 Bc8 31. Be4 Ke7 32. Nd5+ Ke6 33. Kc2
Ke5 34. Kc3 f5 35. gxf5 gxf5 36. Bc2 b5 37. f4+ Ke6 38. Nc7+ 1-0

[Event "DMP - II liga seniorow "]
[Site "Mrzezyno"]
[Date "2011.09.08"]
[Round "6"]
[White "Krokay, Urszula"]
[Black "Wesolowska, Katarzyna"]
[Result "1-0"]
[WhiteElo "1887"]
[BlackElo "1765"]
[PlyCount "79"]
[EventDate "2011.??.??"]

1. e4 e6 2. d3 d5 3. Nd2 Nf6 4. Ngf3 c5 5. g3 Nc6 6. Bg2 b6 7. O-O Bb7 8. e5
Nd7 9. Re1 Qc7 10. Qe2 h6 11. h4 O-O-O 12. c3 Be7 13. Nf1 Rdg8 14. h5 g6 15.
hxg6 fxg6 16. Bh3 Nd8 17. N3h2 h5 18. Bd2 g5 19. d4 g4 20. Bg2 Nc6 21. Rec1 Qd8
22. Ne3 Qf8 23. b4 cxd4 24. cxd4 Bxb4 25. Nxd5 Bxd2 26. Qxd2 exd5 27. Bxd5 Rg6
28. e6 Ndb8 29. Bxc6 Bxc6 30. d5 Qd6 31. Rxc6+ Nxc6 32. Rc1 Kd8 33. Rxc6 Qe7
34. Qc3 Qg5 35. Qxh8+ Rg8 36. Qc3 a5 37. Rc8+ Ke7 38. Qc7+ Kf6 39. Qf7+ Ke5 40.
f4+ 1-0

[Event "DMP - II liga seniorow "]
[Site "Mrzezyno"]
[Date "2011.09.09"]
[Round "7.19"]
[White "Szczepkowska-horowska, Karina"]
[Black "Gumula, Daniel"]
[Result "1-0"]
[WhiteElo "2353"]
[BlackElo "2290"]
[PlyCount "70"]
[EventDate "2011.??.??"]

1. e4 c5 2. Nf3 d6 3. d4 cxd4 4. Nxd4 Nf6 5. Nc3 Bd7 6. Be2 e5 7. Nb3 Bc6 8.
Bf3 Nbd7 9. O-O b5 10. Re1 Be7 11. a4 b4 12. Nd5 Bxd5 13. exd5 a5 14. Be2 O-O
15. Bb5 Rc8 16. Be3 Qc7 17. Rc1 Bd8 18. Qd3 e4 19. Qd1 Ne5 20. Bd4 Qb7 21. Bxe5
dxe5 22. Bc6 Rxc6 23. dxc6 Qxc6 24. Qe2 Bb6 25. h3 Rc8 26. Qb5 Qe6 27. c4 bxc3
28. Rxc3 Rb8 29. Qc6 Qf5 30. Re2 h6 31. Qd6 Rd8 32. Qxb6 Rd1+ 33. Kh2 Qh5 34.
f3 exf3 35. gxf3 Nd5 1-0

[Event "DMP - II liga seniorow "]
[Site "Mrzezyno"]
[Date "2011.09.09"]
[Round "7.21"]
[White "Tobolski, Jakub"]
[Black "Pinkas, Karol"]
[Result "1/2-1/2"]
[WhiteElo "2099"]
[BlackElo "2320"]
[PlyCount "160"]
[EventDate "2011.??.??"]

1. e4 e5 2. Nf3 Nc6 3. Bb5 a6 4. Ba4 Nf6 5. O-O Be7 6. Re1 b5 7. Bb3 d6 8. c3
O-O 9. h3 Na5 10. Bc2 c5 11. d4 Qc7 12. d5 Bd7 13. b3 Qc8 14. Nbd2 g6 15. Nf1
Nh5 16. Bh6 Nf4 17. Qd2 Nxg2 18. Kxg2 Bxh3+ 19. Kh2 Bxf1 20. Rxf1 Qg4 21. Ng5
Rfd8 22. Rh1 Bf6 23. Nh3 Bg7 24. Rag1 Qd7 25. Kg2 f6 26. Kf1 c4 27. b4 Nb7 28.
f3 a5 29. Bxg7 Qxg7 30. a3 axb4 31. axb4 Ra2 32. Ke2 Rda8 33. Nf2 Nd8 34. Rc1
Nf7 35. Qe3 R8a6 36. Nh3 h5 37. Rhg1 Kh7 38. Rg2 Qh6 39. Qd2 Ra1 40. Rgg1 Rxc1
41. Qxc1 Qxc1 42. Rxc1 Kh6 43. Rg1 Ra2 44. Kd2 Ng5 45. Nxg5 fxg5 46. Kc1 Ra1+
47. Bb1 h4 48. Kb2 Ra8 49. Bc2 Rf8 50. Bd1 Rf4 51. Rh1 Kh5 52. Rh3 g4 53. fxg4+
Kg5 54. Bf3 Rf8 55. Kc2 Ra8 56. Kb2 Kf4 57. Kb1 g5 58. Bg2 Kxg4 59. Rf3 Rh8 60.
Rf6 Kg3 61. Bh1 g4 62. Rxd6 Rf8 63. Re6 h3 64. Rxe5 Kh2 65. Rg5 g3 66. Kc2 Rf2+
67. Kd1 Rf1+ 68. Ke2 Rxh1 69. d6 Ra1 70. d7 Ra8 71. e5 g2 72. e6 g1=Q 73. Rxg1
Kxg1 74. e7 h2 75. e8=Q h1=Q 76. Qe3+ Kg2 77. Qg5+ Kh3 78. Qh5+ Kg2 79. Qg4+
Kh2 80. Qh4+ Kg2 1/2-1/2

[Event "DMP - II liga seniorow "]
[Site "Mrzezyno"]
[Date "2011.09.09"]
[Round "7.23"]
[White "Bitman, Marek"]
[Black "Tokarski, Bartosz"]
[Result "0-1"]
[WhiteElo "1982"]
[BlackElo "2155"]
[PlyCount "56"]
[EventDate "2011.??.??"]

1. e4 c5 2. d3 Nc6 3. g3 d6 4. Bg2 g6 5. Nf3 Bg7 6. O-O e5 7. Nc3 Nge7 8. Ne2
O-O 9. c3 h6 10. Nd2 f5 11. f4 Be6 12. Nf3 Qd7 13. Be3 c4 14. Nh4 exf4 15. Nxf4
fxe4 16. Bxe4 g5 17. Nxe6 Qxe6 18. Ng2 Rxf1+ 19. Qxf1 Rf8 20. Qd1 d5 21. Bf3
cxd3 22. Bc5 Ne5 23. Bh5 b6 24. Bxe7 Qxe7 25. Ne1 Qc5+ 26. Kh1 Rf1+ 27. Kg2
Qf2+ 28. Kh3 Rh1 0-1

[Event "DMP - II liga seniorow "]
[Site "Mrzezyno"]
[Date "2011.09.09"]
[Round "7.24"]
[White "Guzik, Jolanta"]
[Black "Dziodzio, Angelika"]
[Result "1/2-1/2"]
[WhiteElo "2150"]
[BlackElo "1939"]
[PlyCount "62"]
[EventDate "2011.??.??"]

1. c4 c5 2. Nc3 Nc6 3. g3 g6 4. Bg2 Bg7 5. a3 e5 6. e3 Nge7 7. Nge2 O-O 8. d3
d6 9. O-O Rb8 10. Rb1 Be6 11. Nd5 a5 12. Nec3 b6 13. Nxe7+ Nxe7 14. Nd5 Nxd5
15. cxd5 Bd7 16. b4 axb4 17. axb4 Qc7 18. Bd2 f5 19. Qb3 Rfc8 20. Rfc1 Bb5 21.
Bf1 Qd7 22. e4 Rf8 23. Bh3 Qd8 24. Ra1 Qe7 25. Ra3 Qf6 26. Be1 f4 27. Rca1 fxg3
28. hxg3 Bh6 29. bxc5 bxc5 30. Qc2 Rb7 31. Ra8 Bd7 1/2-1/2

[Event "DMP - II liga seniorow "]
[Site "Mrzezyno"]
[Date "2011.09.09"]
[Round "7.25"]
[White "Licznerski, Lukasz"]
[Black "Przedmojski, Rafal"]
[Result "1-0"]
[WhiteElo "2180"]
[BlackElo "2374"]
[PlyCount "77"]
[EventDate "2011.??.??"]

1. e4 c5 2. Nf3 Nf6 3. e5 Nd5 4. Nc3 Nxc3 5. dxc3 Nc6 6. Bf4 Qb6 7. b3 h6 8. h4
e6 9. Nd2 Qc7 10. Nc4 b5 11. Nd6+ Bxd6 12. exd6 Qa5 13. Rh3 Bb7 14. Qh5 c4 15.
a4 cxb3 16. cxb3 a6 17. b4 Qd8 18. axb5 axb5 19. Rxa8 Qxa8 20. Bxb5 Qa1+ 21.
Qd1 Qxd1+ 22. Kxd1 f6 23. Kc2 Kf7 24. h5 Rc8 25. Kb3 Nb8 26. f3 Ba6 27. Bxa6
Nxa6 28. Be3 e5 29. Rh1 Ke6 30. Ra1 Nb8 31. Ra8 Kxd6 32. Ba7 Kc7 33. Rxb8 Rxb8
34. Bxb8+ Kxb8 35. Kc4 f5 36. Kd5 d6 37. c4 Kc7 38. c5 dxc5 39. bxc5 1-0